Prospectiva tecnológica industrial de México 2002-2015 : sector 3 : Medio Ambiente : gestión y tratamiento de residuos industriales /
Memorias del primer proyecto a nivel nacional que buscó obtener una visión futura del grado de importancia, impacto esperado, obstáculos a vencer, estado competitivo y sugerencias específicas que deberán tomarse en cuenta para que las transformaciones tecnológicas (que se anticipan) se incorporen y...
Tallennettuna:
| Aineistotyyppi: | Kirja |
|---|---|
| Kieli: | espanja |
| Aiheet: | |
| Tagit: |
Ei tageja, Lisää ensimmäinen tagi!
|
MARC
| LEADER | 00000nam^a2200000^a^4500 | ||
|---|---|---|---|
| 001 | 000167318 | ||
| 005 | 20250521000000.0 | ||
| 009 | 20260310101123.775 | ||
| 037 | |a Acervo ITESO - Biblioteca | ||
| 041 | |a ESP | ||
| 082 | |a 338. 0972 |b PRO S. 3 V. 1 | ||
| 240 | 1 | 1 | |a [Prospectiva tecnológica industrial de México 2002-2015] |
| 245 | 0 | 0 | |a Prospectiva tecnológica industrial de México 2002-2015 : |b sector 3 : Medio Ambiente : gestión y tratamiento de residuos industriales / |c Presen. de Juan Lauro Aguirre Villafaña. |
| 264 | |a México : |b Centro de Investigación en Alimentación y Desarrollo, Sector Agropecuario, |c 2004 | ||
| 300 | |a 81 p. | ||
| 336 | |a texto |b txt |2 rdacontenido | ||
| 337 | |a sin mediación |b n |2 rdamedio | ||
| 338 | |a volumen |b nc |2 rdasoporte | ||
| 520 | |a Memorias del primer proyecto a nivel nacional que buscó obtener una visión futura del grado de importancia, impacto esperado, obstáculos a vencer, estado competitivo y sugerencias específicas que deberán tomarse en cuenta para que las transformaciones tecnológicas (que se anticipan) se incorporen y fortalezcan en las empresas mexicanas. Precisa las áreas de oportunidad tecnológica en las que el sector industrial tiene posibilidades de competir e identifica las debilidades o puntos de rezago hacia donde deben tomarse decisiones para detonar la economía mexicana. Para lograr su objetivo, se analizaron, de manera prospectiva, 28 áreas incluidas en 10 sectores estratégicos: agroalimentario; energía; medio ambiente; químico; tecnologías de información y comunicación; ingeniería; transformación; diseño y automatización; biotecnología y materiales. En este volumen se analiza la relación entre la preocupación ambiental de las empresas mexicanas con la intensidad de sus vínculos con mercados extranjeros y las exigencias ambientales que éstos les plantean, por un lado; por otro, la capacidad económica y financiera para implementar medidas de conservación del medio ambiente, en concreto, en relación con el manejo y tratamiento de residuos industriales. | ||
| 649 | |a XX | ||
| 650 | |a Desechos Industriales - |x Tratamiento y Reciclaje | ||
| 650 | |a Desechos Industriales - |x Eliminación | ||
| 650 | |a Contaminación Ambiental - |z México | ||
| 650 | |a Conservación y Protección Ambiental - |z México | ||
| 650 | |a Ecología - |z México | ||
| 650 | |a Competitividad - |z México | ||
| 650 | |a Competencia Internacional (Economía) - |z México | ||
| 650 | |a Prospectiva Económica - |z México | ||
| 650 | |a Industrialización - |z México | ||
| 650 | |a Desarrollo Tecnológico - |z México | ||
| 650 | |a Desarrollo Sustentable - |z México | ||
| 650 | |a Desarrollo Económico-Social - |z México | ||
| 650 | |a Economía - |z México - |x Estadísticas | ||
| 650 | |a Economía - |z México - |x Historia - |y 2000-2009 | ||
| 650 | |a Economía - |z México - |x Historia - |y 2010-2019 | ||
| 650 | |a México - |x Condiciones Económicas | ||
| 910 | |a Fondo General | ||
| 920 | |a Impresos - Libros | ||
| 930 | |a Colección General | ||
| 905 | |a 101 | ||
| 901 | |a 0500103099 |b IT1 |c ACC |u 20250521 | ||
| 902 | |a https://opac.biblio.iteso.mx/vufind/Record/000167318 | ||